Statystyki dla Państwa świata według definicji #2

Kliknij tutaj aby rozwiązać quiz!

Ogólne statystyki

  • Ten quiz został rozwiązany 4 785 razy
    (4 771 od ostatniego zresetowania)
  • Średni wynik to 16 z 24

Statystyki odpowiedzi

DefinicjaPaństwo% Poprawnych
Azjatycki kraj zamieszkany przez komunistów (Korea).Korea Północna
99%
Zajmuje północne wybrzeże Półwyspu Skandynawskiego.Norwegia
91%
Jedyne państwo zaczynające się na "O"Oman
84%
Kraj graniczący Francji na północnym wschodzie.Belgia
83%
Państwo tworzące kiedyś ze Słowacją jeden kraj.Czechy
83%
Należy do niej Grenlandia (największa wyspa na świecie).Dania
83%
Państwo skandynawskie posiadające fiordy.Finlandia
78%
Zajmuje zachodnie wybrzeże Półwyspu Iberyjskiego.Portugalia
78%
Afrykańskie państwo graniczące z Azją.Egipt
76%
Ma kwadratową flagę z białym plusem.Szwajcaria
76%
Największy kraj w Europie ze względu na powierzchnię.Ukraina
71%
Państwo z końcówką "-stan" ma dostęp do Morza Arabskiego.Pakistan
69%
Ma flagę z żółtym krzyżem na niebieskim tle.Szwecja
69%
Afrykańskie państwo najbliżej Hiszpanii (pomijając enklawy hiszpańskie).Algieria
65%
Kraj podzielony na najwięcej wysp na świecie.Indonezja
56%
Poza Gwatemalą i Panamą państwo ze stolicą o tej samej nazwie (w Ameryce Płn.).Meksyk
56%
Państwo ze stolicą w Bagdadzie.Irak
55%
Ma na fladze 8 małych gwiazdek (w Ameryce Południowej).Wenezuela
53%
Najmniejszy kraj w Azji ze względu na powierzchnię.Singapur
49%
Ma najbliżej do Singapuru i Brunei.Malezja
47%
Afrykański kraj posiadający na swym terytorium dwie enklawy.Rep. Płd. Afryki
45%
Ma na herbie czarnego orła (w Europie).Austria
34%
Wysoko rozwinięte państwo arabskie (na północy).Kuwejt
33%
Najbardziej "rozpłaszczony" konturowo kraj na mapie świata.Chile
28%

Rozkład punktacji

Percentyl według liczby udzielonych odpowiedzi

Procent ludzi z każdym wynikiem

Twoja historia wyników

Nie rozwiązałeś tego quizu od ostatniego zresetowania